• 首页
  • 本馆介绍
  • 公告通知
  • 最新文献
  • 馆藏检索
  • 电子资源
  • 读者导购
  • 参考咨询
  • 我的图书馆
  • 登录
  • 详细信息显示
  • 放入我的书架
  • 预约/预借图书
  • 作者相关作品
  • 分类相关作品
  • 丛书相关作品
  • 出版社相关作品

书目信息

  • 表格格式
  • 工作单格式
  • 卡片格式
题名:
现代农村金融
    
 
作者: 郭延安 , 陶永诚 主编
分册:  
出版信息: 北京   中国金融出版社  2009
页数: 214页
开本: 23cm
丛书名:
单 册:
中图分类: F830.6
科图分类:
主题词: 农村金融--高等学校--教材 , 农村金融
电子资源:
ISBN: 978-7-5049-4996-7
000 00902nam0 2200253 45
005 20100303111227.78
010    @a978-7-5049-4996-7@dCNY23.00
100    @a20100121d2009 em y0chiy50 ea
101 0  @achi
102    @aCN@b110000
105    @ay z 000yy
106    @ar
200 1  @a现代农村金融@AXian Dai Nong Cun Jin Rong@f郭延安,陶永诚主编@FGuo Yan An, Tao Yong Cheng Zhu Bian
210    @a北京@c中国金融出版社@d2009
215    @a214页@d23cm
300    @a国家示范性高职院校重点建设教材 金融专业群核心课程教材
330    @a本书包括现代农村金融概论、农村金融体系、农村金融业务、农村小额信贷、农村金融风险、农业保险、农村金融监管和国外农村金融等。
606 0  @a农村金融@x高等学校@j教材
606 0  @a农村金融
690    @aF830.6@v4
701  0 @a郭延安@AGuo Yan An@4主编
701  0 @a陶永诚@ATao Yong Cheng@4主编
801  0 @aCN@bTANGWEI@c20100303
905    @b0585347-51@dF830.6@e146@f5
    
    现代农村金融/郭延安,陶永诚主编.-北京:中国金融出版社,2009
    214页;23cm
    国家示范性高职院校重点建设教材 金融专业群核心课程教材
    
    ISBN 978-7-5049-4996-7:CNY23.00
    本书包括现代农村金融概论、农村金融体系、农村金融业务、农村小额信贷、农村金融风险、农业保险、农村金融监管和国外农村金融等。
●
相关链接 在E读中查询图书 在五车中查询图书 在当当中查询图书 在豆瓣中查询图书


正题名:现代农村金融     索取号:F830.6/146         预约/预借

序号 登录号 条形码 馆藏地/架位号 状态 备注
1 0585347   205853478   第一样本阅览室/ [索取号:F830.6/146] 在馆    
2 0585348   205853487   密集书库-海洋学院/ [索取号:F830.6/146] 在馆    
3 0585349   205853496   第一借阅区/ [索取号:F830.6/146] 在馆    
4 0585350   205853502   第一借阅区/ [索取号:F830.6/146] 在馆    
5 0585351   205853511   第一借阅区/ [索取号:F830.6/146] 在馆    
唐山师范学院图书馆 欢迎您!
大连网信软件有限公司© 版权所有